00811cam a2200217 i 450000500170000000800410001702000220005804000290008004100080010904200080011708200160012510000170014124501110015826000610026930000510033050400530038165000310043465000130046570000370047885600780051520160206125740.0030808s2004 enka b 001 0 eng  a1844070743 (pbk.) aDLCcDLCdDLCdCO-BoIAVH aeng apcc04a324.4bD64h1 aDodds, Felix10aHow to lobby at intergovernmental meetings :bmine's a caffe latte /cby Felix Dodds with Michael Strauss. aLondon ;aSterling, VA :bEarthscan Publications,c2004. axxii, 169 páginas :bilustraciones ;c22 cm. aIncluye referencias bibliográficas e índice.14aOrganismos internacionales24aCabildeo1 aStrauss, Michael,d1952-eautor.413Tabla de contenidouhttp://www.loc.gov/catdir/toc/ecip047/2003017969.html